000 00570 a2200193 4500
001 63099
005 20260407155926.0
008 260407a1967 arg spa d
003 AR-UNSa-BCEJYS
040 _aAR-UNSa-BCEJYS
_bspa
_cAR-UNSa-BCEJYS
080 _a339.5
_xComercio exterior. Comercio Internacional
245 1 0 _aComercio internacional y crecimiento económico
264 1 _aBuenos Aires :
_bAmorrortu Editores
_c1967
300 _a221 p.
_c23 cm.
041 _aspa
942 _cBK
590 _aniveau_biblio:m niveau_hierar:0
100 1 _aJohnson, Harry G.
999 _c7989
_d7989